[Event "New York State-ch 116th"]
[Site "Saratoga Springs"]
[Date "1994.09.05"]
[Round "6"]
[White "Van Riper, Daniel W"]
[Black "Alexopoulos, Georgios"]
[Result "1-0"]
[WhiteElo "2263"]
[BlackElo "2406"]
[PlyCount "43"]
[EventDate "1994.09.02"]
[EventType "swiss"]
[EventRounds "6"]
[EventCountry "USA"]
[SourceTitle "EXT 2004"]
[Source "ChessBase"]
[SourceDate "2003.11.25"]
[SourceVersion "1"]
[SourceVersionDate "2003.11.25"]
[SourceQuality "1"]

1. e4 e6 2. d4 d5 3. Nc3 Bb4 4. e5 c5 5. a3 Bxc3+ 6. bxc3 Qc7 7. Qg4 f6 8. Bb5+ Kf8 9. Nf3 Qa5 10. Rb1 Qxc3+ 11. Kd1 Qa5 12. Ng5 a6 13. Nxe6+ Bxe6 14. Qxe6 axb5 15. Qd6+ Kf7 16. Qxd5+ Kg6 17. Rb3 Ne7 18. Rg3+ Kf5 19. Rg5+ fxg5 20. Qf7+ Ke4 21. Qf3+ Kxd4 22. Bb2+ 1-0

[Event "New York State-ch 115th"]
[Site "Saratoga Springs"]
[Date "1993.09.05"]
[Round "3"]
[White "Van Riper, Daniel W"]
[Black "Luce, Eric J"]
[Result "0-1"]
[WhiteElo "2246"]
[BlackElo "1927"]
[PlyCount "114"]
[EventDate "1993.09.03"]
[EventType "swiss"]
[EventRounds "6"]
[EventCountry "USA"]
[SourceTitle "EXT 2004"]
[Source "ChessBase"]
[SourceDate "2003.11.25"]
[SourceVersion "1"]
[SourceVersionDate "2003.11.25"]
[SourceQuality "1"]

1. e4 e5 2. Nf3 f5 3. Nxe5 Qf6 4. Nc4 fxe4 5. Nc3 c6 6. Nxe4 Qe6 7. Qe2 d5 8. Ncd6+ Kd8 9. Ng5 Qxe2+ 10. Bxe2 Bxd6 11. Nf7+ Ke7 12. Nxh8 Nf6 13. g4 g6 14. g5 Ne8 15. d4 Bf5 16. h4 Ng7 17. h5 gxh5 18. Bxh5 Na6 19. Nf7 Nb4 20. Nxd6 Nxc2+ 21. Kd1 Kxd6 22. Bf4+ Kd7 23. Bg4 Nxa1 24. Bxf5+ Nxf5 25. Rxh7+ Ke6 26. Be5 c5 27. Rh6+ Nxh6 28. gxh6 cxd4 29. Bxd4 Kf5 30. h7 Ke4 31. h8Q Rxh8 32. Bxh8 Kd3 33. Bg7 Nc2 34. a3 Na1 35. Be5 Nb3 36. Bb8 a6 37. Ba7 Nd2 38. f4 Nf3 39. f5 Ke4 40. f6 Ng5 41. Bc5 Kf5 42. Bd4 Ke6 43. Kc2 Ne4 44. Kb3 Nxf6 45. Ka4 Nd7 46. b4 b6 47. Kb3 b5 48. a4 Kf5 49. axb5 axb5 50. Kc2 Ke4 51. Kc3 Nb8 52. Ba7 Nc6 53. Bc5 d4+ 54. Kd2 Ne5 55. Be7 Nc4+ 56. Kd1 Kd3 57. Bf8 Ne3+ 0-1